000
00300nam a2200121Ia 4500
005
20251222154431.0
008
251222s9999||||xx |||||||||||||| ||spa||
020
_a
978-612-304-059-8
082
_a
624.902.685/M61R
245
0
_a
Reglamento nacional de edificaciones
250
_a
4a.ed.
942
_c
LIB
999
_c
36435
_d
36435